Cyrano /

Cyrano tiene una nariz enorme. Cyrano estaba enamorado de su prima Roxana. Pero no se atrevía a decirle nada (por su enorme nariz). Cyrano, además era un poeta.

Guardado en:
Autor Principal: Le Thanh, Taï-Marc.
Otros Autores: Dautremer, Rebeca.
Formato: Libro
Idioma:Undetermined
Publicado: Buenos Aires : Edelvives, 2011.
Edición:3a ed.
Materias:
Etiquetas: Agregar Etiqueta
Sin Etiquetas, Sea el primero en etiquetar este registro!
LEADER 00851nam a22002175a 4500
001 CEM.cems020839
008 240226s2011####ag############000#0#und#d
005 20240226153428.0
245 1 0 |a Cyrano /  |c Taï-Marc Le Thanh ; ilustrado por Rebeca Dautremer. 
250 |a 3a ed. 
260 |a Buenos Aires :  |b Edelvives,  |c 2011. 
300 |a 40 p. 
500 |a Versión libre de "Cyrano de Bergerac", de Edmond Rostand. 
520 |a Cyrano tiene una nariz enorme. Cyrano estaba enamorado de su prima Roxana. Pero no se atrevía a decirle nada (por su enorme nariz). Cyrano, además era un poeta. 
020 |a 9789876421997 
100 1 |a Le Thanh, Taï-Marc. 
700 1 |a Dautremer, Rebeca. 
653 |a Literatura infantil 
653 |a Novela infantil 
653 |a Literatura francesa 
859 |a CEMS  |b BIB. CEMS - Inicial y Primaria  |h 843.8  |i L568  |k IP  |p 4498  |t Ej.1